Architecting Data and Machine Learning Platforms (Record no. 13738)
[ view plain ]
| 000 -LEADER | |
|---|---|
| fixed length control field | 00418nam a22001697a 4500 |
| 003 - CONTROL NUMBER IDENTIFIER | |
| control field | OSt |
| 008 - FIXED-LENGTH DATA ELEMENTS--GENERAL INFORMATION | |
| fixed length control field | 250924b |||||||| |||| 00| 0 eng d |
| 020 ## - INTERNATIONAL STANDARD BOOK NUMBER | |
| International Standard Book Number | 9789355428158 |
| 082 ## - DEWEY DECIMAL CLASSIFICATION NUMBER | |
| Classification number | 006.31 TRA |
| 100 ## - MAIN ENTRY--PERSONAL NAME | |
| Personal name | TRANQUILLIN,Marco |
| 245 ## - TITLE STATEMENT | |
| Title | Architecting Data and Machine Learning Platforms |
| 250 ## - EDITION STATEMENT | |
| Edition statement | 1st Ed |
| 260 ## - PUBLICATION, DISTRIBUTION, ETC. (IMPRINT) | |
| Place of publication, distribution, etc | Mumbai |
| Name of publisher, distributor, etc | SPD |
| Date of publication, distribution, etc | 2023 |
| 300 ## - PHYSICAL DESCRIPTION | |
| Extent | 338 |
| 700 ## - ADDED ENTRY--PERSONAL NAME | |
| Personal name | LAKSHMANAN,Valliappa |
| 942 ## - ADDED ENTRY ELEMENTS (KOHA) | |
| Source of classification or shelving scheme | Dewey Decimal Classification |
| Koha item type | Text Books |
| Withdrawn status | Lost status | Source of classification or shelving scheme | Damaged status | Not for loan | Collection code | Home library | Current library | Date acquired | Source of acquisition | Currency | Cost, normal purchase price | Bill Number | Total Checkouts | Full call number | Acc. no. / Barcode | Date last seen | Actual Cost, discounted price | Bill Date | Koha item type |
|---|---|---|---|---|---|---|---|---|---|---|---|---|---|---|---|---|---|---|---|
| Dewey Decimal Classification | Computer Science and Engineering in AI & Data Science | PIET C-LIBRARY | PIET C-LIBRARY | 22/09/2025 | Zaffa Books | INR | 1850.00 | ZBD0260 | 006.31 TRA | 39756 | 24/09/2025 | 1387.50 | 21/09/2025 | Reference Books | |||||
| Dewey Decimal Classification | Computer Science and Engineering in AI & Data Science | PIET C-LIBRARY | PIET C-LIBRARY | 22/09/2025 | Zaffa Books | INR | 1850.00 | ZBD0260 | 006.31 TRA | 39757 | 24/09/2025 | 1387.50 | 21/09/2025 | Text Books | |||||
| Dewey Decimal Classification | Computer Science and Engineering in AI & Data Science | PIET C-LIBRARY | PIET C-LIBRARY | 22/09/2025 | Zaffa Books | INR | 1850.00 | ZBD0260 | 006.31 TRA | 39758 | 24/09/2025 | 1387.50 | 21/09/2025 | Text Books | |||||
| Dewey Decimal Classification | Computer Science and Engineering in AI & Data Science | PIET C-LIBRARY | PIET C-LIBRARY | 22/09/2025 | Zaffa Books | INR | 1850.00 | ZBD0260 | 006.31 TRA | 39759 | 24/09/2025 | 1387.50 | 21/09/2025 | Text Books |